[Event "Bled op-B 23rd"]
[Site "Bled"]
[Date "2002.07.10"]
[Round "9"]
[White "Ukmar, Mitja"]
[Black "Ditt, Egon H"]
[Result "1-0"]
[WhiteElo "2154"]
[BlackElo "2217"]
[PlyCount "65"]
[EventDate "2002.07.03"]
[EventType "swiss"]
[EventRounds "9"]
[EventCountry "SLO"]
[SourceTitle "CBM 089 Extra"]
[Source "ChessBase"]
[SourceDate "2002.09.10"]
[SourceVersion "2"]
[SourceVersionDate "2002.09.10"]
[SourceQuality "1"]

1. e4 g6 2. d4 Bg7 3. Nc3 d6 4. Be3 c6 5. Qd2 b5 6. Bd3 Nd7 7. Nf3 a6 8. 0-0 Bb7 9. a4 Ngf6 10. Bh6 0-0 11. Bxg7 Kxg7 12. Rfe1 e5 13. dxe5 Nxe5 14. Nxe5 dxe5 15. Qg5 Nd7 16. Qg3 Qf6 17. Bf1 Rad8 18. Qe3 Qe7 19. Qa7 Nf6 20. Rad1 Ra8 21. Qb6 b4 22. Nb1 c5 23. f3 Rfc8 24. Nd2 Rc6 25. Qa5 Rd8 26. Nc4 Rd7 27. Be2 Rxd1 28. Rxd1 Nd7 29. b3 f6 30. Ne3 Qe8 31. Bc4 Qc8 32. Bd5 Rb6 33. Nc4 1-0

[Event "Bled op-B 23rd"]
[Site "Bled"]
[Date "2002.07.08"]
[Round "6"]
[White "Ditt, Egon H"]
[Black "Kovacic, Peter"]
[Result "1/2-1/2"]
[WhiteElo "2217"]
[BlackElo "2182"]
[PlyCount "44"]
[EventDate "2002.07.03"]
[EventType "swiss"]
[EventRounds "9"]
[EventCountry "SLO"]
[SourceTitle "CBM 089 Extra"]
[Source "ChessBase"]
[SourceDate "2002.09.10"]
[SourceVersion "2"]
[SourceVersionDate "2002.09.10"]
[SourceQuality "1"]

1. c4 g6 2. Nc3 Bg7 3. g3 Nc6 4. Bg2 e5 5. Rb1 Nge7 6. b4 d6 7. b5 Nd4 8. e3 Ne6 9. Nge2 f5 10. 0-0 0-0 11. d3 f4 12. exf4 exf4 13. gxf4 Bxc3 14. Nxc3 Nxf4 15. Bxf4 Rxf4 16. Ne2 Rh4 17. Ng3 Nf5 18. Qf3 Kg7 19. Rbe1 Qg5 20. Re4 Rxe4 21. Qxe4 Nxg3 22. fxg3 Qe5 1/2-1/2

[Event "Bled op-B 23rd"]
[Site "Bled"]
[Date "2002.07.08"]
[Round "7"]
[White "Praznik, Anton"]
[Black "Ditt, Egon H"]
[Result "1/2-1/2"]
[WhiteElo "2231"]
[BlackElo "2217"]
[PlyCount "61"]
[EventDate "2002.07.03"]
[EventType "swiss"]
[EventRounds "9"]
[EventCountry "SLO"]
[SourceTitle "CBM 089 Extra"]
[Source "ChessBase"]
[SourceDate "2002.09.10"]
[SourceVersion "2"]
[SourceVersionDate "2002.09.10"]
[SourceQuality "1"]

1. e4 g6 2. d4 Bg7 3. Nf3 d6 4. Bc4 c6 5. 0-0 Nf6 6. Nbd2 0-0 7. h3 b5 8. Bb3 Na6 9. c3 c5 10. Qe2 Nc7 11. e5 dxe5 12. dxe5 Nfd5 13. Ne4 c4 14. Bc2 f5 15. Ng3 Ne6 16. Rd1 Bb7 17. Nf1 Qc7 18. g3 Rad8 19. N1h2 a6 20. h4 Qc6 21. Bd2 Rd7 22. a4 Rfd8 23. axb5 axb5 24. b3 Nb6 25. Be3 Rxd1+ 26. Rxd1 Rxd1+ 27. Bxd1 Nd5 28. Bd2 Kf8 29. bxc4 bxc4 30. Bc2 Nb6 31. Kf1 1/2-1/2

[Event "Bled op-B 23rd"]
[Site "Bled"]
[Date "2002.07.06"]
[Round "5"]
[White "Butkovic, Nereo"]
[Black "Ditt, Egon H"]
[Result "1/2-1/2"]
[WhiteElo "2052"]
[BlackElo "2217"]
[PlyCount "47"]
[EventDate "2002.07.03"]
[EventType "swiss"]
[EventRounds "9"]
[EventCountry "SLO"]
[SourceTitle "CBM 089 Extra"]
[Source "ChessBase"]
[SourceDate "2002.09.10"]
[SourceVersion "2"]
[SourceVersionDate "2002.09.10"]
[SourceQuality "1"]

1. e4 g6 2. d4 Bg7 3. Nc3 d6 4. Be3 c6 5. Qd2 b5 6. Bd3 b4 7. Nce2 a5 8. a3 bxa3 9. Rxa3 Nd7 10. Nf3 Ngf6 11. h3 0-0 12. 0-0 c5 13. Rfa1 c4 14. Bxc4 Nxe4 15. Qe1 Bb7 16. Rxa5 Nb6 17. Rxa8 Bxa8 18. Bd3 Nf6 19. Qa5 Bxf3 20. gxf3 Nfd5 21. c4 Nxe3 22. fxe3 e5 23. Kh2 Qh4 24. Qe1 1/2-1/2

[Event "BL2-Nord 0102"]
[Site "Germany"]
[Date "2001.10.07"]
[Round "1.4"]
[White "Gisbrecht, Ewgeni"]
[Black "Ditt, Egon H"]
[Result "1/2-1/2"]
[WhiteElo "2433"]
[BlackElo "2217"]
[PlyCount "38"]
[EventDate "2001.10.07"]
[EventType "team-tourn"]
[EventRounds "9"]
[EventCountry "GER"]
[SourceTitle "CBM 088 Extra"]
[Source "ChessBase"]
[SourceDate "2002.07.01"]
[SourceVersion "2"]
[SourceVersionDate "2002.07.01"]
[SourceQuality "1"]
[WhiteTeam "Bremer SG"]
[BlackTeam "Delmenhorst"]
[WhiteTeamCountry "GER"]
[BlackTeamCountry "GER"]

1. Nf3 g6 2. c4 f5 3. d4 Nf6 4. Nc3 Bg7 5. Qc2 Nc6 6. d5 Nb4 7. Qd1 c6 8. a3 Na6 9. e3 0-0 10. Be2 d6 11. 0-0 Nc7 12. Nd4 e5 13. dxe6 Nxe6 14. Qc2 Qe7 15. b3 Bd7 16. Nxe6 Bxe6 17. Bb2 Rad8 18. Rfd1 Qf7 19. Bf3 d5 1/2-1/2

[Event "Dresden op 07th"]
[Site "Dresden"]
[Date "1998.08.18"]
[Round "3"]
[White "Uhlmann, Wolfgang"]
[Black "Ditt, Egon H"]
[Result "1-0"]
[WhiteElo "2460"]
[BlackElo "2230"]
[PlyCount "97"]
[EventDate "1998.08.??"]
[EventType "swiss"]
[EventRounds "9"]
[EventCountry "GER"]
[SourceTitle "EXT 1999"]
[Source "ChessBase"]
[SourceDate "1998.11.16"]
[SourceVersion "1"]
[SourceVersionDate "1998.11.16"]
[SourceQuality "1"]

1. c4 f5 2. d4 Nf6 3. g3 g6 4. Bg2 Bg7 5. Nc3 d6 6. Nf3 0-0 7. d5 c6 8. Nd4 cxd5 9. cxd5 Na6 10. 0-0 Bd7 11. Be3 Qa5 12. Nb3 Qb4 13. a3 Qc4 14. Rc1 Rfc8 15. Na5 Qc7 16. b4 Ng4 17. Bd2 Qb8 18. Qb3 Nc7 19. a4 Kf8 20. h3 Nf6 21. Rc2 b5 22. Rfc1 bxa4 23. Nxa4 Nb5 24. Rxc8+ Bxc8 25. Nc6 Qb7 26. Qe3 Ng8 27. Qd3 Qa6 28. Na5 Nd4 29. Rc4 Bd7 30. Nc3 Nb5 31. Bf1 Na3 32. Rc7 Qxd3 33. exd3 Ke8 34. Nc6 Nc2 35. Bg2 Bd4 36. Nb5 Bb6 37. Rb7 a6 38. Nxd6+ exd6 39. Rxb6 h6 40. Bf4 Ne1 41. Bxd6 Nxg2 42. Kxg2 Nf6 43. Ne7 Bb5 44. Bc5 Kf7 45. Nxg6 Kxg6 46. Be7 Bxd3 47. Rxf6+ Kg7 48. d6 Ra7 49. Kf3 1-0

[Event "Oberliga Nord W 9798"]
[Site "Germany"]
[Date "1998.03.29"]
[Round "8.3"]
[White "Ditt, Egon H"]
[Black "Heinemann, Dieter"]
[Result "1/2-1/2"]
[WhiteElo "2250"]
[BlackElo "2290"]
[PlyCount "130"]
[EventDate "1997.10.??"]
[EventType "team"]
[EventRounds "9"]
[EventCountry "GER"]
[SourceTitle "EXT 2003"]
[Source "ChessBase"]
[SourceDate "2002.11.25"]
[SourceVersion "1"]
[SourceVersionDate "2002.11.25"]
[SourceQuality "1"]
[WhiteTeam "Delmenhorst II"]
[BlackTeam "Bremen Nord"]
[WhiteTeamCountry "GER"]
[BlackTeamCountry "GER"]

1. c4 e5 2. Nc3 Nf6 3. g3 Bb4 4. Nf3 Nc6 5. Bg2 0-0 6. 0-0 Re8 7. Nd5 Bc5 8. d3 h6 9. Nd2 Bf8 10. a3 d6 11. b4 Nxd5 12. cxd5 Ne7 13. d4 exd4 14. Nf3 Nf5 15. Nxd4 Nxd4 16. Qxd4 Be7 17. Ra2 Bf6 18. Qd3 Bd7 19. Be3 a5 20. b5 a4 21. Rb1 b6 22. Rc2 Ra7 23. Bd2 Re7 24. e4 Qe8 25. f3 h5 26. Bf1 g6 27. Rb4 Kh7 28. Qc4 Qa8 29. h3 Qc8 30. Kh2 Qa8 31. Bc3 Qh8 32. Be1 h4 33. g4 Be5+ 34. Kg2 Qf6 35. Bd2 Bf4 36. Qc3 Qg5 37. Rcb2 Kg8 38. Qc1 Bxd2 39. Qxd2 Qxd2+ 40. Rxd2 g5 41. Rc2 Kg7 42. Rcc4 Kf6 43. Kf2 Re8 44. Ke3 Ke5 45. Rc2 Kf6 46. f4 gxf4+ 47. Kxf4 Rg8 48. Rcc4 Rga8 49. Bd3 Ke7 50. Kg5 Rh8 51. Rxa4 f6+ 52. Kf4 Rha8 53. Rxa7 Rxa7 54. a4 Kf7 55. Bc2 Kg7 56. Rc3 Kh6 57. Re3 Ra8 58. Re1 Rf8 59. Bd1 Re8 60. Rg1 Rf8 61. Rg2 Ra8 62. Rc2 Ra7 63. Rc1 Rb7 64. Bc2 Ra7 65. Bd3 Rb7 1/2-1/2

[Event "Canadian op"]
[Site "Winnipeg"]
[Date "1997.07.19"]
[Round "9"]
[White "Ditt, Egon H"]
[Black "Teodoro, Eduardo"]
[Result "0-1"]
[WhiteElo "2250"]
[BlackElo "2350"]
[PlyCount "150"]
[EventDate "1997.07.12"]
[EventType "tourn"]
[EventRounds "10"]
[EventCountry "CAN"]
[SourceTitle "CBM 060 Extra"]
[Source "ChessBase"]
[SourceDate "1997.11.04"]
[SourceVersion "1"]
[SourceVersionDate "1997.11.04"]
[SourceQuality "1"]

1. c4 e5 2. Nc3 Nf6 3. g3 g6 4. Bg2 Bg7 5. Nf3 d6 6. 0-0 0-0 7. d3 h6 8. Bd2 c6 9. Rb1 Be6 10. b4 Nbd7 11. b5 d5 12. bxc6 bxc6 13. cxd5 cxd5 14. Qc1 d4 15. Nb5 Nd5 16. Bxh6 a6 17. Bxg7 Kxg7 18. Nd6 Nc3 19. Rb2 Nc5 20. Ne4 N5xe4 21. dxe4 Rc8 22. Qa1 f6 23. Re1 Rf7 24. Nd2 Qa5 25. Bf1 Rfc7 26. e3 Na4 27. Nb3 Qc3 28. Rbb1 d3 29. Qxc3 Nxc3 30. Rb2 Rd8 31. Nd2 Nxa2 32. Nb1 Rc2 33. Rb6 Bg8 34. Rd1 d2 35. Be2 Rc1 36. Kg2 Rxb1 37. Rdxb1 Nc3 38. Bd1 Nxb1 39. Rxb1 Bc4 40. Rb2 a5 41. Rc2 Bd3 42. Ra2 Ra8 43. f3 Bc4 44. Ra4 Bb5 45. Ra3 a4 46. h4 Rc8 47. Ra2 a3 48. Rxa3 Rc1 49. Bb3 Kh6 50. Ra2 d1Q 51. Bxd1 Rxd1 52. g4 Re1 53. Kf2 Rh1 54. Kg3 Bf1 55. Ra1 Rh3+ 56. Kf2 Bc4 57. Rc1 Bb3 58. Rc6 Rxh4 59. Rxf6 Rh2+ 60. Kg3 Re2 61. Kh4 Rxe3 62. g5+ Kg7 63. Kg3 Bd1 64. Kf2 Rd3 65. Kg3 Rd7 66. Rc6 Rf7 67. Rc3 Kf8 68. Rd3 Be2 69. Re3 Ba6 70. Rc3 Be2 71. Kf2 Bd1 72. Kg3 Ke7 73. Rd3 Rxf3+ 74. Rxf3 Bxf3 75. Kxf3 Kd6 0-1

[Event "GER-chT Seniors 04th"]
[Site "Bad Schandau"]
[Date "1995.??.??"]
[Round "?"]
[White "Ahlberg, Guenter"]
[Black "Ditt, Egon H"]
[Result "0-1"]
[WhiteElo "2240"]
[BlackElo "2250"]
[PlyCount "164"]
[EventDate "1995.07.24"]
[EventType "team"]
[EventRounds "7"]
[EventCountry "GER"]
[SourceTitle "EXT 2006"]
[Source "ChessBase"]
[SourceDate "2005.11.24"]
[SourceVersion "1"]
[SourceVersionDate "2005.11.24"]
[SourceQuality "1"]

1. e4 g6 2. d4 Bg7 3. Nc3 d6 4. Bg5 Nd7 5. Nf3 c5 6. Qd2 Qa5 7. Nd5 Qxd2+ 8. Bxd2 Kd8 9. Bc3 b6 10. dxc5 Bxc3+ 11. Nxc3 bxc5 12. 0-0-0 f6 13. Bc4 Nh6 14. h3 Rb8 15. a3 Rf8 16. g4 Ne5 17. Nd2 Bb7 18. Bd5 Nc6 19. Ne2 Kd7 20. Nf4 Nd8 21. Rhe1 Nhf7 22. Nb3 Bxd5 23. Nxd5 Rc8 24. f4 g5 25. Rf1 gxf4 26. Nxf4 Rg8 27. Nd5 Ne6 28. Nd2 h5 29. gxh5 Rh8 30. Rde1 Rcg8 31. Re3 Rg5 32. Rb3 Nfd8 33. Nf3 Rgxh5 34. h4 Nd4 35. Nxd4 cxd4 36. Rd1 Rxh4 37. Rxd4 Rh1+ 38. Rd1 Rxd1+ 39. Kxd1 Rh4 40. Re3 Nc6 41. Nc3 Ke6 42. b4 Ke5 43. b5 Na5 44. Rg3 Kd4 45. Rd3+ Kc4 46. Re3 Kc5 47. Rg3 Rh7 48. Rd3 Nc4 49. Rd5+ Kb6 50. Na4+ Kb7 51. Rd4 Rh1+ 52. Ke2 Nxa3 53. c4 Rh2+ 54. Kf3 Rc2 55. c5 Nxb5 56. Rd1 Kc6 57. cxd6 Nxd6 58. Rb1 Rc4 59. Nb2 Rxe4 60. Rc1+ Kb7 61. Nd3 Rc4 62. Rb1+ Kc7 63. Nf4 e5 64. Nd5+ Kc6 65. Ne7+ Kd7 66. Nd5 Ke6 67. Ne3 Rc3 68. Ke2 f5 69. Ra1 f4 70. Nd1 Rc2+ 71. Kd3 Rc7 72. Nc3 Kf5 73. Ra6 Rd7 74. Ke2 Ne4 75. Nb5 Ng3+ 76. Ke1 e4 77. Nxa7 e3 78. Nb5 f3 79. Nd4+ Ke4 80. Nxf3 Kxf3 81. Ra3 Rb7 82. Ra1 Rh7 0-1

[Event "BL2-Nord 9495"]
[Site "Germany"]
[Date "1995.??.??"]
[Round "1.8"]
[White "Sieg, Martin"]
[Black "Ditt, Egon H"]
[Result "1-0"]
[WhiteElo "2280"]
[BlackElo "2265"]
[PlyCount "71"]
[EventDate "1994.10.??"]
[EventType "team-tourn"]
[EventRounds "9"]
[EventCountry "GER"]
[SourceTitle "GER-chT2"]
[Source "ChessBase"]
[SourceDate "1999.07.01"]
[SourceVersion "1"]
[SourceVersionDate "1999.07.01"]
[SourceQuality "1"]
[WhiteTeam "Luebeck"]
[BlackTeam "Delmenhorst"]
[WhiteTeamCountry "GER"]
[BlackTeamCountry "GER"]

1. d4 g6 2. e4 Bg7 3. Nc3 d6 4. Bc4 c6 5. Nf3 b5 6. Nxb5 d5 7. exd5 cxb5 8. Bxb5+ Bd7 9. Bxd7+ Nxd7 10. 0-0 Ngf6 11. c4 0-0 12. Re1 Re8 13. b3 Qa5 14. Bd2 Qa6 15. Bc3 Rac8 16. Qd2 Nf8 17. Qb2 Qb7 18. Rac1 Nh5 19. Re4 f5 20. Ree1 Nf4 21. Rcd1 Qc7 22. Re3 Bf6 23. Rde1 Nh5 24. Qa3 Ng7 25. Bb4 f4 26. Re4 Nf5 27. d6 Qd7 28. dxe7 Nxe7 29. Bxe7 Qf5 30. R4e2 Qd3 31. Qd6 Bxe7 32. Rxe7 Rxe7 33. Qxe7 a5 34. h3 a4 35. Qb7 Rd8 36. Re7 1-0

[Event "BL2-West 9192"]
[Site "Germany"]
[Date "1992.??.??"]
[Round "9.8"]
[White "Buscher, Michael"]
[Black "Ditt, Egon H"]
[Result "1-0"]
[WhiteElo "2300"]
[BlackElo "2295"]
[PlyCount "147"]
[EventDate "1991.10.??"]
[EventType "team-tourn"]
[EventRounds "9"]
[EventCountry "GER"]
[SourceTitle "GER-chT2"]
[Source "ChessBase"]
[SourceDate "1999.07.01"]
[SourceVersion "1"]
[SourceVersionDate "1999.07.01"]
[SourceQuality "1"]
[WhiteTeam "Koeln Porz II"]
[BlackTeam "Delmenhorst"]
[WhiteTeamCountry "GER"]
[BlackTeamCountry "GER"]

1. d4 g6 2. g3 f5 3. Bg2 Bg7 4. Nh3 Nf6 5. 0-0 0-0 6. c3 c6 7. Nd2 d5 8. Nf3 Ng4 9. Ne1 Qb6 10. Nd3 Nd7 11. Ng5 Ndf6 12. Nc5 e5 13. h3 Nh6 14. Nce6 Bxe6 15. dxe5 Rae8 16. exf6 Rxf6 17. Be3 Qa6 18. Bd4 Rff8 19. Bxg7 Kxg7 20. Qd4+ Kg8 21. Qh4 Kg7 22. e3 Qb6 23. Rfd1 Bg8 24. c4 f4 25. gxf4 Nf5 26. Qg4 h6 27. Nf3 Be6 28. Ne5 Rf6 29. Qe2 d4 30. e4 Nh4 31. Qd2 c5 32. b4 Qxb4 33. Qxb4 cxb4 34. Rxd4 Rxf4 35. Nd3 Nf3+ 36. Bxf3 Rxf3 37. h4 a5 38. Kg2 Ref8 39. Rd1 Bh3+ 40. Kg1 h5 41. Rd2 b6 42. Rd6 R3f6 43. e5 Re6 44. f4 Rc8 45. Nb2 Rc6 46. Rd7+ Kf8 47. Rh7 Re8 48. Rh8+ Ke7 49. Rh7+ Kf8 50. Rh8+ Kf7 51. Rh7+ Ke6 52. Kf2 Re7 53. Rh8 Rd7 54. Rxd7 Kxd7 55. Ke3 Bf5 56. Rh7+ Ke6 57. Kd4 Bb1 58. Nd1 Rc8 59. Ne3 Rd8+ 60. Nd5 b5 61. Re7+ Kf5 62. Rf7+ Kg4 63. e6 Rc8 64. Rc7 Rb8 65. e7 Kxh4 66. Rd7 Re8 67. cxb5 Bxa2 68. Nc7 Bf7 69. Nxe8 Bxe8 70. Rd5 Kg4 71. b6 h4 72. b7 h3 73. b8Q h2 74. Rg5+ 1-0

[Event "BL2-West 9192"]
[Site "Germany"]
[Date "1992.??.??"]
[Round "5.8"]
[White "Ditt, Egon H"]
[Black "Gueting, Jens"]
[Result "1/2-1/2"]
[WhiteElo "2295"]
[BlackElo "2050"]
[PlyCount "165"]
[EventDate "1991.10.??"]
[EventType "team-tourn"]
[EventRounds "9"]
[EventCountry "GER"]
[SourceTitle "GER-chT2"]
[Source "ChessBase"]
[SourceDate "1999.07.01"]
[SourceVersion "1"]
[SourceVersionDate "1999.07.01"]
[SourceQuality "1"]
[WhiteTeam "Delmenhorst"]
[BlackTeam "Osnabrueck"]
[WhiteTeamCountry "GER"]
[BlackTeamCountry "GER"]

1. c4 g6 2. Nc3 Bg7 3. g3 d6 4. Bg2 Nf6 5. Nf3 0-0 6. 0-0 Nc6 7. Rb1 a5 8. a3 e5 9. b4 axb4 10. axb4 Be6 11. d3 h6 12. b5 Nd4 13. Ne1 Qc8 14. e3 Nf5 15. Nd5 Re8 16. Qb3 Bxd5 17. cxd5 e4 18. Bb2 exd3 19. Nxd3 Ne4 20. Bxg7 Kxg7 21. Qc4 Nc5 22. Nxc5 dxc5 23. Qxc5 b6 24. Qc3+ f6 25. Bh3 Qd8 26. Bxf5 gxf5 27. Rfd1 Re5 28. Qc6 Ra7 29. d6 Rc5 30. dxc7 Qxc7 31. Qxc7+ Raxc7 32. Rd6 Rb7 33. Rc6 Rxc6 34. bxc6 Rb8 35. Rb5 Kg6 36. Kf1 Kf7 37. Ke2 Ke7 38. Kd3 Kd6 39. Rxf5 Rf8 40. Rh5 Rh8 41. Kc4 Kxc6 42. e4 Kd6 43. f4 Ke6 44. Kb5 Kf7 45. e5 Kg6 46. g4 fxe5 47. Rxe5 Rc8 48. h4 Rc1 49. Kxb6 Rg1 50. g5 Rb1+ 51. Kc6 hxg5 52. hxg5 Rf1 53. Re6+ Kg7 54. Rf6 Rd1 55. Rd6 Rf1 56. Rd4 Kg6 57. Kd6 Re1 58. Rd2 Re4 59. Rf2 Kf5 60. Rg2 Re6+ 61. Kd7 Rg6 62. Rf2 Ra6 63. Ke7 Ra7+ 64. Kf8 Ra8+ 65. Kg7 Ra7+ 66. Kh6 Ra6+ 67. Kh5 Ra8 68. Kh4 Ra3 69. Rb2 Ra5 70. Rb8 Kxf4 71. Rf8+ Ke5 72. Kh5 Ke6 73. Kh6 Ke7 74. Rf4 Ra1 75. g6 Rh1+ 76. Kg7 Re1 77. Kg8 Rg1 78. g7 Rh1 79. Re4+ Kd7 80. Kf7 Rf1+ 81. Kg6 Rg1+ 82. Kf6 Kd8 83. Re5 1/2-1/2

[Event "Bundesliga 9293"]
[Site "Germany"]
[Date "1992.??.??"]
[Round "?.8"]
[White "Meissner, Hans Juergen"]
[Black "Ditt, Egon H"]
[Result "1-0"]
[WhiteElo "2280"]
[BlackElo "2295"]
[PlyCount "97"]
[EventDate "1992.10.24"]
[EventType "team-tourn"]
[EventRounds "15"]
[EventCountry "GER"]
[SourceTitle "GER-chT"]
[Source "ChessBase"]
[SourceDate "1999.07.01"]
[SourceVersion "1"]
[SourceVersionDate "1999.07.01"]
[SourceQuality "1"]
[WhiteTeam "Berlin Empor"]
[BlackTeam "Delmenhorst"]
[WhiteTeamCountry "GER"]
[BlackTeamCountry "GER"]

1. e4 g6 2. d4 Bg7 3. Nf3 d6 4. Bc4 c6 5. Bb3 Nf6 6. Nbd2 d5 7. e5 Nfd7 8. 0-0 Nf8 9. Re1 Na6 10. Nf1 Bg4 11. Ne3 Qd7 12. Nxg4 Qxg4 13. c3 Nc7 14. Bc2 Qd7 15. g3 Nfe6 16. h4 0-0-0 17. b4 f5 18. a4 f4 19. g4 Rdf8 20. Kh2 Kb8 21. Rg1 Na8 22. Bd3 Nb6 23. Qe2 Nc8 24. Bd2 Rf7 25. Rg2 Bf8 26. Rh1 Rg8 27. Kg1 Nc7 28. Ng5 Rfg7 29. Bxf4 e6 30. Bd2 h6 31. Nh3 g5 32. h5 b6 33. f4 gxf4 34. Nxf4 Ne7 35. Qf3 Rf7 36. Qd1 Bg7 37. Ng6 Nxg6 38. hxg6 Rff8 39. Bxh6 Bxh6 40. Rxh6 Qd8 41. Qd2 Rf3 42. Be2 Rff8 43. Rf2 Rxf2 44. Kxf2 Rh8 45. Kg3 Rg8 46. Bd3 Ne8 47. Qf4 Kc8 48. Rh7 Nc7 49. Qf6 1-0

[Event "Bundesliga 9091"]
[Site "Germany"]
[Date "1991.??.??"]
[Round "?.8"]
[White "Ditt, Egon H"]
[Black "Heinemann, Thies"]
[Result "1-0"]
[WhiteElo "2285"]
[BlackElo "2340"]
[PlyCount "124"]
[EventDate "1990.10.06"]
[EventType "team-tourn"]
[EventRounds "15"]
[EventCountry "GER"]
[SourceTitle "GER-chT"]
[Source "ChessBase"]
[SourceDate "1999.07.01"]
[SourceVersion "1"]
[SourceVersionDate "1999.07.01"]
[SourceQuality "1"]
[WhiteTeam "Delmenhorst"]
[BlackTeam "Hamburger SK"]
[WhiteTeamCountry "GER"]
[BlackTeamCountry "GER"]

1. c4 c5 2. Nc3 b6 3. e4 d6 4. f4 Nc6 5. d3 g6 6. Nf3 Bg4 7. Be2 e6 8. 0-0 Nge7 9. f5 gxf5 10. Ng5 Ne5 11. exf5 Bxf5 12. Nce4 Bg7 13. Ng3 h6 14. Nh5 hxg5 15. Nxg7+ Kf8 16. Nh5 g4 17. Nf6 Ng8 18. Nxg8 Kxg8 19. d4 cxd4 20. Qxd4 Qc7 21. Bf4 Rd8 22. Rad1 f6 23. b4 Kf7 24. a3 Ke7 25. Rc1 Qc6 26. Rfd1 Nf7 27. Bg3 Rhg8 28. Qf2 Ng5 29. Bf4 Ne4 30. Qf1 Ng5 31. Bd3 Be4 32. c5 dxc5 33. Bb5 Qa8 34. bxc5 Bxg2 35. Bd6+ Kf7 36. Qxg2 Nh3+ 37. Kf1 Qf3+ 38. Qxf3 gxf3 39. Bg3 bxc5 40. Bc6 Ng5 41. Kf2 Rd4 42. h4 Ne4+ 43. Bxe4 Rxe4 44. Rxc5 e5 45. Kxf3 Ra4 46. Rc3 Ke6 47. Rb1 a5 48. Ke2 Re4+ 49. Kf1 f5 50. Rb6+ Kd5 51. Bf2 Ra4 52. Rb5+ Ke4 53. Re3+ Kf4 54. Rexe5 Rxa3 55. Rxf5+ Kg4 56. Rxa5 Rxa5 57. Rxa5 Rg7 58. Ra4+ Kh5 59. Ke2 Re7+ 60. Kf3 Rf7+ 61. Rf4 Rf6 62. Bg3 Ra6 1-0

[Event "Bundesliga 9091"]
[Site "Germany"]
[Date "1990.??.??"]
[Round "?.8"]
[White "Franke, Heribert"]
[Black "Ditt, Egon H"]
[Result "1/2-1/2"]
[WhiteElo "2390"]
[BlackElo "2295"]
[PlyCount "38"]
[EventDate "1990.10.06"]
[EventType "team-tourn"]
[EventRounds "15"]
[EventCountry "GER"]
[SourceTitle "GER-chT"]
[Source "ChessBase"]
[SourceDate "1999.07.01"]
[SourceVersion "1"]
[SourceVersionDate "1999.07.01"]
[SourceQuality "1"]
[WhiteTeam "Sindelfingen"]
[BlackTeam "Delmenhorst"]
[WhiteTeamCountry "GER"]
[BlackTeamCountry "GER"]

1. e4 g6 2. d4 Bg7 3. c3 d6 4. Bg5 Nd7 5. Nd2 c5 6. Ngf3 h6 7. Be3 cxd4 8. cxd4 Ngf6 9. h3 0-0 10. Bd3 b6 11. 0-0 Bb7 12. Qa4 d5 13. e5 Ne4 14. Ba6 Bxa6 15. Qxa6 Qc8 16. Qb5 Qb7 17. Nxe4 dxe4 18. Nd2 f5 19. exf6 exf6 1/2-1/2

[Event "Biel MTO op"]
[Site "Biel"]
[Date "1990.??.??"]
[Round "10"]
[White "Kummerow, Heiko"]
[Black "Ditt, Egon H"]
[Result "0-1"]
[WhiteElo "2035"]
[BlackElo "2295"]
[PlyCount "60"]
[EventDate "1990.07.??"]
[EventType "swiss"]
[EventRounds "11"]
[EventCountry "SUI"]
[SourceTitle "EXT 2000"]
[Source "ChessBase"]
[SourceDate "1999.11.16"]
[SourceVersion "1"]
[SourceVersionDate "1999.11.16"]
[SourceQuality "1"]

1. e4 g6 2. d4 Bg7 3. Nc3 d6 4. f4 Nf6 5. Nf3 c5 6. dxc5 Qa5 7. Bd3 Qxc5 8. Qe2 Nc6 9. Nb5 0-0 10. Be3 Qh5 11. c3 a6 12. Nbd4 Ng4 13. Nxc6 bxc6 14. Bd4 Bh6 15. f5 e5 16. fxe6 fxe6 17. e5 c5 18. Bg1 Bb7 19. exd6 Bxf3 20. gxf3 Ne5 21. Be4 Rad8 22. Rd1 Rxf3 23. Bxf3 Nxf3+ 24. Kf1 Rf8 25. Qxe6+ Kh8 26. Bf2 Ne5 27. Ke1 Rxf2 28. Kxf2 Qf3+ 29. Ke1 Qxh1+ 30. Ke2 Qg2+ 0-1

[Event "Bundesliga 8990"]
[Site "Germany"]
[Date "1990.??.??"]
[Round "?.8"]
[White "Lieb, Harald"]
[Black "Ditt, Egon H"]
[Result "1-0"]
[WhiteElo "2265"]
[BlackElo "2310"]
[PlyCount "101"]
[EventDate "1989.10.??"]
[EventType "team-tourn"]
[EventRounds "15"]
[EventCountry "GER"]
[SourceTitle "GER-chT"]
[Source "ChessBase"]
[SourceDate "1999.07.01"]
[SourceVersion "1"]
[SourceVersionDate "1999.07.01"]
[SourceQuality "1"]
[WhiteTeam "Zehlendorf"]
[BlackTeam "Delmenhorst"]
[WhiteTeamCountry "GER"]
[BlackTeamCountry "GER"]

1. d4 g6 2. c4 Bg7 3. Nf3 f5 4. g3 Nf6 5. Bg2 0-0 6. 0-0 d6 7. b3 c6 8. Bb2 a5 9. Nc3 Na6 10. Qd2 Nc7 11. a4 Ne6 12. e3 Qb6 13. Qc2 Nd8 14. Ba3 Nf7 15. h4 h6 16. c5 Qc7 17. cxd6 exd6 18. b4 axb4 19. Bxb4 Re8 20. a5 Be6 21. Na4 Nd5 22. Bd2 Rad8 23. Rfc1 Qe7 24. Rab1 Nf6 25. Rb6 Bd5 26. Nc3 Bc4 27. Rcb1 Rd7 28. Bf1 Bxf1 29. Kxf1 Nd8 30. Bc1 Ng4 31. Ne2 Qf7 32. Nf4 d5 33. Nd3 Rde7 34. Qb2 g5 35. Kg2 gxh4 36. Nxh4 f4 37. Nxf4 Re4 38. Qe2 h5 39. Qf3 Bf6 40. Nfg6 Qg7 41. R1b2 Bxh4 42. Nxh4 Rf8 43. Qd1 Nxe3+ 44. Bxe3 Rxh4 45. Bh6 Qxh6 46. gxh4 Ne6 47. R6b3 Nf4+ 48. Kf1 c5 49. Rg3+ Kh8 50. Rb6 Qh7 51. dxc5 1-0

[Event "Bundesliga 8889"]
[Site "Germany"]
[Date "1989.??.??"]
[Round "?.8"]
[White "Ditt, Egon H"]
[Black "Dueball, Juergen"]
[Result "1/2-1/2"]
[WhiteElo "2305"]
[BlackElo "2435"]
[PlyCount "46"]
[EventDate "1988.10.??"]
[EventType "team-tourn"]
[EventRounds "15"]
[EventCountry "GER"]
[SourceTitle "GER-chT"]
[Source "ChessBase"]
[SourceDate "1999.07.01"]
[SourceVersion "1"]
[SourceVersionDate "1999.07.01"]
[SourceQuality "1"]
[WhiteTeam "Delmenhorst"]
[BlackTeam "Solingen"]
[WhiteTeamCountry "GER"]
[BlackTeamCountry "GER"]

1. c4 g6 2. Nc3 Bg7 3. g3 Nf6 4. Bg2 0-0 5. Nf3 Nc6 6. 0-0 e5 7. Rb1 d5 8. cxd5 Nxd5 9. d3 Re8 10. Bg5 f6 11. Bd2 Be6 12. Ne4 b6 13. Rc1 Qd7 14. a3 Nd4 15. Nxd4 exd4 16. e3 c5 17. exd4 cxd4 18. Re1 Rad8 19. Rc2 h6 20. Bc1 f5 21. Nd2 Bf7 22. Nc4 Rxe1+ 23. Qxe1 Re8 1/2-1/2

[Event "Bundesliga 8990"]
[Site "Germany"]
[Date "1989.??.??"]
[Round "?.8"]
[White "Kopp, Bernd"]
[Black "Ditt, Egon H"]
[Result "0-1"]
[WhiteElo "2265"]
[BlackElo "2310"]
[PlyCount "54"]
[EventDate "1989.10.??"]
[EventType "team-tourn"]
[EventRounds "15"]
[EventCountry "GER"]
[SourceTitle "GER-chT"]
[Source "ChessBase"]
[SourceDate "1999.07.01"]
[SourceVersion "1"]
[SourceVersionDate "1999.07.01"]
[SourceQuality "1"]
[WhiteTeam "Hofheim"]
[BlackTeam "Delmenhorst"]
[WhiteTeamCountry "GER"]
[BlackTeamCountry "GER"]

1. d4 g6 2. e4 Bg7 3. Nc3 d6 4. f4 Nf6 5. Nf3 c5 6. Bb5+ Bd7 7. e5 Ng4 8. e6 Bxb5 9. exf7+ Kd7 10. Ng5 Nh6 11. Qf3 Nc6 12. Qe4 Qa5 13. Bd2 Nxd4 14. Nxh7 Rxh7 15. Qxb7+ Ke6 16. Qd5+ Kd7 17. Qxa8 Nxf7 18. Qg8 Nxc2+ 19. Kf2 Bd4+ 20. Kg3 Rg7 21. Qb8 Bc6 22. Rad1 Qa6 23. Bc1 Nh6 24. h3 Bb7 25. Rd2 Ne3 26. Qf8 Nhf5+ 27. Kh2 Nf1+ 0-1